International Multidisciplinary Consensus Report on Definitions, Diagnostic Criteria, and Management of Fatty Pancreas A Joint Statement Endorsed by EPC, APA, EASD, EASL, ESGAR, ESGE, ESP, ESPCG, ESPEN, ESPGHAN, IAP, JPS, KPBA, LAPSG, and UEG /

This international, multidisciplinary consensus report represents the first effort to systematically define and characterize fatty pancreas. A key outcome of this endeavor was the recommendation to adopt "fatty pancreas" as the standardized and inclusive term to describe all forms of fat a...

Teljes leírás

Elmentve itt :
Bibliográfiai részletek
Szerzők: Vujasinovic Miroslav
Demir Ihsan Ekin
Marchegiani Giovanni
Hegyi Péter
Archibugi Livia
Valente Roberto
Capurso Gabriele
Witt Heiko
Bonovas Stefanos
Piovani Daniele
Rosendahl Jonas
Maisonneuve Patrick
Verbeke Caroline S
Karçaaltıncaba Muşturay
Dominguez-Muñoz J Enrique
Scheers Isabelle
Czakó László
Wagner Robert
Rebours Vinciane
Öhlund Daniel
Idilman Ilkay S
Overbeek Kasper
Gubergrits Natalya
Engjom Trond
Neesse Albrecht
Apte Minoti
Bezmarević Mihailo
Braren Rickmer
Bunduc Stefania
Ceyhan Güralp Onur
Teutsch Brigitta
et al
Dokumentumtípus: Cikk
Megjelent: 2026
Sorozat:UNITED EUROPEAN GASTROENTEROLOGY JOURNAL 14 No. 1
Tárgyszavak:
doi:10.1002/ueg2.70185

mtmt:36947488
Online Access:http://publicatio.bibl.u-szeged.hu/39385
LEADER 04317nab a2200589 i 4500
001 publ39385
005 20260225131406.0
008 260225s2026 hu o 000 eng d
022 |a 2050-6406 
024 7 |a 10.1002/ueg2.70185  |2 doi 
024 7 |a 36947488  |2 mtmt 
040 |a SZTE Publicatio Repozitórium  |b hun 
041 |a eng 
100 1 |a Vujasinovic Miroslav 
245 1 0 |a International Multidisciplinary Consensus Report on Definitions, Diagnostic Criteria, and Management of Fatty Pancreas   |h [elektronikus dokumentum] :  |b A Joint Statement Endorsed by EPC, APA, EASD, EASL, ESGAR, ESGE, ESP, ESPCG, ESPEN, ESPGHAN, IAP, JPS, KPBA, LAPSG, and UEG /  |c  Vujasinovic Miroslav 
260 |c 2026 
300 |a 31 
490 0 |a UNITED EUROPEAN GASTROENTEROLOGY JOURNAL  |v 14 No. 1 
520 3 |a This international, multidisciplinary consensus report represents the first effort to systematically define and characterize fatty pancreas. A key outcome of this endeavor was the recommendation to adopt "fatty pancreas" as the standardized and inclusive term to describe all forms of fat accumulation in the pancreas. This terminological consensus provides a critical foundation for unified reporting and clinical communication. Another major contribution of the report is the consensus on diagnostic imaging findings, which was based on radiological and endoscopic modalities. The proposed criteria aim to enhance consistency in clinical assessment and support the development of standardized research protocols. In addition to establishing terminology and diagnostic frameworks, the report also synthesizes current knowledge across a wide range of relevant domains. These include the etiology and epidemiology of fatty pancreas, as well as its associations with alcohol consumption, smoking, acute and chronic pancreatitis, pancreatic exocrine insufficiency, type 2 diabetes mellitus, and surgical outcomes. The potential links between fatty pancreas and neoplastic conditions such as intraductal papillary mucinous neoplasms and pancreatic cancer are also addressed, alongside the current understanding of its metabolic implications (beta-cell function and glucose homeostasis) and treatment strategies. Throughout the consensus process, a consistent theme emerged: the limited availability of high-quality, prospective clinical data. Therefore, many of the recommendations in this report are based on expert consensus rather than strong empirical evidence. As such, the statements require rigorous prospective validation before they can be adopted into routine clinical practice. This underscores a critical need for further research, particularly studies aimed at clarifying causal relationships, validating diagnostic tools, and determining the clinical relevance of fatty pancreas across diverse patient populations. This report serves as both a summary of our current understanding and a roadmap for future investigations, aiming to close existing knowledge gaps and guide evidence-based clinical practice in this emerging field. 
650 4 |a Klinikai orvostan 
700 0 1 |a Demir Ihsan Ekin  |e aut 
700 0 1 |a Marchegiani Giovanni  |e aut 
700 0 1 |a Hegyi Péter  |e aut 
700 0 1 |a Archibugi Livia  |e aut 
700 0 1 |a Valente Roberto  |e aut 
700 0 1 |a Capurso Gabriele  |e aut 
700 0 1 |a Witt Heiko  |e aut 
700 0 1 |a Bonovas Stefanos  |e aut 
700 0 1 |a Piovani Daniele  |e aut 
700 0 1 |a Rosendahl Jonas  |e aut 
700 0 1 |a Maisonneuve Patrick  |e aut 
700 0 1 |a Verbeke Caroline S  |e aut 
700 0 1 |a Karçaaltıncaba Muşturay  |e aut 
700 0 2 |a Dominguez-Muñoz J Enrique  |e aut 
700 0 2 |a Scheers Isabelle  |e aut 
700 0 2 |a Czakó László  |e aut 
700 0 2 |a Wagner Robert  |e aut 
700 0 2 |a Rebours Vinciane  |e aut 
700 0 2 |a Öhlund Daniel  |e aut 
700 0 2 |a Idilman Ilkay S  |e aut 
700 0 2 |a Overbeek Kasper  |e aut 
700 0 2 |a Gubergrits Natalya  |e aut 
700 0 2 |a Engjom Trond  |e aut 
700 0 2 |a Neesse Albrecht  |e aut 
700 0 2 |a Apte Minoti  |e aut 
700 0 2 |a Bezmarević Mihailo  |e aut 
700 0 2 |a Braren Rickmer  |e aut 
700 0 2 |a Bunduc Stefania  |e aut 
700 0 2 |a Ceyhan Güralp Onur  |e aut 
700 0 2 |a Teutsch Brigitta  |e aut 
700 0 2 |a et al.  |e aut 
856 4 0 |u http://publicatio.bibl.u-szeged.hu/39385/1/Vujasinovic2026.pdf  |z Dokumentum-elérés